| 000 | 00613nam a2200193 a 4500 | ||
|---|---|---|---|
| 001 | 000026932 | ||
| 005 | 20200930030510.0 | ||
| 008 | 110328s2001 dr a 000 0 spa d | ||
| 040 |
_aDO-SdBNP _bspa _cBNPHU |
||
| 100 | 1 |
_aTaule, Josefina _954032 |
|
| 245 | 1 | 0 |
_aLaboratorio de parasitología : _bManual / _cJosefina Taule. |
| 260 |
_aSanto Domingo : _bUNIVE, _c2001. _fEditora Taína |
||
| 300 |
_a150 p. : _bil. ; _c28 cm. |
||
| 490 | 1 |
_aTextos Universitarios _v25 |
|
| 504 | _aBibliografía : p. 150 | ||
| 710 | 2 |
_aUniversidad Iberoamericana _936529 |
|
| 830 | 0 |
_aTextos Universitarios _v25 _91147 |
|
| 049 | _aBNPD | ||
| 999 |
_c26424 _d26424 |
||